00400nam a2200157Ia 4500003000400000005001700004008004100021040000700062082002200069100001000091245006200101260003000163300001600193365001300209650002000222OSt20230316114255.0210423s2017 xx 000 0 und d cAL a823.92 223bAMIS aAMISH aSita: warrior of Mithila Book 2 of the Ram Chandra series aNew DelhibWestlandc2017 axix,361bPB b350cINR aEnglish Fiction